Paul, apostle of the heart set free (Record no. 15959)

000 -LEADER
fixed length control field 00875nam a2200253 a 4500
001 - CONTROL NUMBER
control field :::00018507$&:&@@
003 - CONTROL NUMBER IDENTIFIER
control field OkBaRHE
005 - DATE AND TIME OF LATEST TRANSACTION
control field 20100402124112.0
008 - FIXED-LENGTH DATA ELEMENTS--GENERAL INFORMATION
fixed length control field s1977 j 000 0 eng u
020 ## - INTERNATIONAL STANDARD BOOK NUMBER
International Standard Book Number 0802835015
040 ## - CATALOGING SOURCE
Transcribing agency
100 1# - MAIN ENTRY--PERSONAL NAME
Personal name Bruce, F. F. (Frederick Fyvie), 1910-
245 10 - TITLE STATEMENT
Title Paul, apostle of the heart set free
Statement of responsibility, etc F. F. Bruce.
250 ## - EDITION STATEMENT
Edition statement 1st American ed.
260 ## - PUBLICATION, DISTRIBUTION, ETC. (IMPRINT)
Place of publication, distribution, etc Grand Rapids
Name of publisher, distributor, etc Eerdmans
Date of publication, distribution, etc 1977
300 ## - PHYSICAL DESCRIPTION
Extent 491 p., [8] leaves of plates : ill. ;
Dimensions 24 cm.
650 ## - SUBJECT ADDED ENTRY--TOPICAL TERM
Topical term or geographic name as entry element Bible. N.T. Biography.
650 ## - SUBJECT ADDED ENTRY--TOPICAL TERM
Topical term or geographic name as entry element Bible. N.T. Epistles of Paul
General subdivision Theology.
650 ## - SUBJECT ADDED ENTRY--TOPICAL TERM
Topical term or geographic name as entry element Christian saints
General subdivision Turkey
-- Tarsus
-- Biography.
650 ## - SUBJECT ADDED ENTRY--TOPICAL TERM
Topical term or geographic name as entry element Paul, the Apostle, Saint.
650 ## - SUBJECT ADDED ENTRY--TOPICAL TERM
Topical term or geographic name as entry element Tarsus (Turkey)
General subdivision Biography.
942 ## - ADDED ENTRY ELEMENTS (KOHA)
Source of classification or shelving scheme
Koha item type Books
Copies
Price effective from Copy number Shelving location Lost status Barcode Not for loan Full call number Source of classification or shelving scheme Koha item type Damaged status Date last seen Withdrawn status Date acquired Permanent Location
2010-04-141General Stacks 18507 BS 2506 .B755 1977 Books 2018-03-16 2010-04-14RHEMA Bible Training College